00446nam a22001697a 450000500170000000800410001704100080005808200150006610000440008124500320012526000130015726000090017030000180017965000300019765000250022765000240025220171018104702.0171018b xxu||||| |||| 00| 0 spa d aspa a1.2.1 E74o a Escuela Daly de Hostelería y Turismo aRegiduría de pisos Vol. 3 aEspaña bDaly a119 páginas aADMINISTRACIÓN HOTELERA aREGIDURÍA DE PISOS aSERVICIOS HOTELEROS